組曲『ニコニコ動画』の曲目 - Statistics

General Stats
  • This quiz has been taken 130 times
  • The average score is 14 of 33
Answer Stats
Answer % Correct
ハレ晴レユカイ
75%
エージェント夜を往く
68%
魔理沙は大変なものを盗んでいきました
67%
エアーマンが倒せない
65%
レッツゴー!陰陽師
63%
you
63%
Dr. Willy STAGE1
60%
真赤な誓い
59%
アンインストール
57%
God Knows…
56%
Help me, ERINNNNNN!!
53%
nowhere
51%
true my heart
47%
鳥の詩
45%
患部で止まってすぐ溶ける~狂気の優曇華院
43%
kiss my lips
43%
ふたりのもじぴったん
41%
創聖のアクエリオン
40%
もってけ!セーラーふく
37%
森のキノコにご用心
36%
さくら
36%
序曲
35%
あいつこそがテニスの王子様
32%
Butter-Fly
32%
つるぺったん
29%
FINAL FANTASY
29%
GONG
25%
勇気VS意地
21%
クリティウスの牙
20%
RODEO MACHINE
20%
Here we go!
13%
ガチャガチャへるつ・ふぃぎゅ@ラジオ
12%
ガチャガチャきゅ~と・ふぃぎゅ@メイト
5%
No matching quizzes found
Score Distribution
Percent of People with Each Score
Percentile by Number Answered
Your Score History
You have not taken this quiz